Lineamientos técnicos para la categorización de las Unidades comunitarias de salud familiar (Registro nro. 34622)

Detalles MARC
000 -CABECERA
Longitud fija campo de control 00599nam a22001817a 4500
003 - IDENTIFICADOR DELl NÚMERO DE CONTROL
Identificador del número de control OSt
005 - FECHA Y HORA DE LA ÚLTIMA TRANSACCIÓN
Fecha y hora de la última transacción 20240120145823.0
008 - CÓDIGOS DE INFORMACIÓN DE LONGITUD FIJA
Códigos de información de longitud fija 240120b ||||| |||| 00| 0 eng d
040 ## - FUENTE DE LA CATALOGACIÓN
Centro catalogador de origen BMC
Centro transcriptor BMC
082 ## - NÚMERO DE LA CLASIFICACIÓN DECIMAL DEWEY
Númeroo de clasificación 613
110 1# - PUNTO DE ACCESO PRINCIPAL-NOMBRE DE ENTIDAD CORPORATIVA
9 (RLIN) 24018
Nombre de entidad corporativa o nombre de jurisdicción como elemento inicial El Salvador
Unidad subordinada Ministerio de Salud Pública y Asistencia Social
245 10 - MENCIÓN DE TÍTULO
Título Lineamientos técnicos para la categorización de las Unidades comunitarias de salud familiar
250 ## - MENCIÓN DE EDICIÓN
Mención de edición 1ª ed.
260 ## - PUBLICACIÓN, DISTRIBUCIÓN, ETC. (PIE DE IMPRENTA)
Lugar de publicación, distribución, etc. San Salvador
Nombre del editor, distribuidor, etc. MINSAL
Fecha de publicación, distribución, etc. 2017
Lugar de fabricación Imprenta La Tarjeta
300 ## - DESCRIPCIÓN FÍSICA
Extensión 63 P.
Dimensiones 21 cm
650 24 - PUNTO DE ACCESO ADICIONAL DE MATERIA - TÉRMINO DE MATERIA
9 (RLIN) 18388
Término de materia o nombre geográfico como elemento inicial Promoción de la salud
942 ## - ENTRADA DE ELEMENTOS AGREGADOS (KOHA)
Fuente de clasificaión o esquema Dewey Decimal Classification
Koha [por defecto] tipo de item 1- Monografias
Parte de clasificación prozim
Existencias
Suprimido Perdido Fuente de clasificación o esquema Estropeado Restricciones de uso No para préstamo Código de colección Localización permanente Localización actual Localización en estanter&íacute;as Fecha adquisición Fuente de adquisición Número de inventario Préstamos totales Signatura completa Código de barras Fecha última consulta Fecha último préstamo Fecha del precio de reemplazo Tipo de item de Koha
NULL NULL Dewey Decimal Classification NULL Prestable NULL NULL Biblioteca Miguel de Cervantes - UNICAES Biblioteca Miguel de Cervantes - UNICAES Sala Principal 11/11/2023 Donación - Facultad de Ciencias de la Salud 035457 1 613 ELS lin 1051227 15/03/2024 13/03/2024 29/01/2024 1- Monografias